000 00613nam a2200217 a 4500
001 BRCA_7208
005 20190320205742.0
008 160112s1922----gw-a######---#000-0#ger-#
041 _ager
044 _agw
050 4 _aPT2639 .E33
_b.G46 1922
100 1 _aSeidel, Heinrich Wolfgang
_d1876
_917861
245 1 0 _aGeorge Palmerstone
_cHeinrich Wolfgang Seidel; Illustrationen von Erick M. Simon.
260 _aBerlĂ­n
_bGrotesche
_c1922
300 _a536 p.
_bil.
_c18 cm.
500 _aP103
650 1 4 _aLiteratura Alemana
_96160
700 1 _aSimon, Erick M.
_eil.
_917862
902 _aGFM
942 _2lcc
_cB
999 _c6889
_d6889